000 01620cam a22004694i 4500
003 PE-LiUPU
005 20250731173459.0
008 150616s r 000 0 d
020 _a0687414970
035 _a(Sirsi) i9780687414970
040 _aPE-LiUPU
_bspa
_cPE-LiUPU
_erda
049 _aPRUA
082 0 4 _a230.01
_bL18
_221
100 1 _aLakeland, Paul,
_eautor.
245 1 0 _aTheology and Critical Theory.
264 1 _aNashville :
_bAbingdon Press,
_c1990.
300 _a271 páginas ;
_c21 centímetros
336 _atext
_2rdacontent
337 _aunmediated
_2rdamedia
338 _avolume
_2rdacarrier
504 _aIncluye bibliografía.
505 0 _aThe idea of a critical theory -- The critical theory of Jürgen habermas -- The value of critical theory for catholic theology -- The Church: community of Communicative action. Catholic theology.
526 _aSEG42
526 _aSEG41
526 _aSEG40
526 _aSEG39
526 _aP94
526 _aP87
526 _aP86
526 _aP85
526 _aP77
526 _aP76
526 _aP35
650 1 4 _aTeología
_xMetodología.
910 _ajck
_bjvq
_cjck
942 _2ddc
_cBOOK
949 _a230.01 L18
_wDEWEY
_c1
_i40198
_lCCODEBUL1
_mBUL
_r0
_sY
_tBOOK
_u2015-6-16
_xTEOLOGIA
_zUNKNOWN
_0COMPRA
_o.STAFF. Colección General
994 _aC0
_bPEPRU
596 _a1
999 _a230.01 L18
_wDEWEY
_c57995
_i40198
_f2021-11-9
_g6
_lCCODEBUL1
_mBUL
_r0
_sY
_tBOOK
_u2015-6-16
_xTEOLOGIA
_zUNKNOWN
_0COMPRA
_o.STAFF. Colección General
_d57995
980 _81
_gALBERTO SANCHEZ Responsable de Automatización